000
00351nam a2200157Ia 4500
008
221030s9999 xx 000 0 und d
020
_a
0140284648
041
_a
English
082
_a
105.23
_b
Wod
100
_a
P. G. Wodehouse
245
0
_a
Galahad at Blandings
260
_b
Penguin books
_c
1965
300
_a
205
650
_a
General
942
_c
BK
999
_c
336
_d
336